| 000 | 01074nam0a22002291 4500 | ||
|---|---|---|---|
| 001 | rc\2756729 | ||
| 005 | 20260407192709.0 | ||
| 035 | _a(NLR Aleph) 006883441 | ||
| 090 |
_a7071346 _c7071346 |
||
| 100 | _a20110915d1940 |||y0rusy50 ca | ||
| 101 | 0 | _arus | |
| 102 | _aRU | ||
| 105 | _aa z ||||| | ||
| 200 | 1 |
_aПравила движения транспорта и пешеходов в городах и по дорогам Ленинградской области _fУНКВД ЛО. Упр. Р.К. Милиции гор. Ленинграда и обл. Гос. автомобильная инспекция |
|
| 210 |
_aЛенинград _cтип. Упр. Р.К. Милиции г. Ленинграда и обл. _d1940 |
||
| 215 |
_a64, [4] с., 1 л. табл. _cил. _d16 см. |
||
| 710 | 0 | 2 |
_aЛенинградская областная государственная автомобильная инспекция _3RU\NLR\AUTH\8810126233 _9749837 |
| 801 | 0 |
_aRU _bNLR _gpsbo |
|
| 801 | 1 |
_aRU _bELAR _2rusmarc |
|
| 852 |
_aNLR _j40-9/1397 |
||
| 942 | _cBOOK | ||
| 980 | _aNB | ||